<?xml version="1.0" encoding="UTF-8"?>
<record
    xmlns:xsi="http://www.w3.org/2001/XMLSchema-instance"
    xsi:schemaLocation="http://www.loc.gov/MARC21/slim http://www.loc.gov/standards/marcxml/schema/MARC21slim.xsd"
    xmlns="http://www.loc.gov/MARC21/slim">

  <leader>04051nam a2200457 a 4500</leader>
  <controlfield tag="001">ebr10132838</controlfield>
  <controlfield tag="003">CaPaEBR</controlfield>
  <controlfield tag="006">m        u        </controlfield>
  <controlfield tag="007">cr cn|||||||||</controlfield>
  <controlfield tag="008">050811s2004    quca    sb    000 0 eng d</controlfield>
  <datafield tag="010" ind1=" " ind2=" ">
    <subfield code="z">  2005440509</subfield>
  </datafield>
  <datafield tag="015" ind1=" " ind2=" ">
    <subfield code="a">GBA465591</subfield>
    <subfield code="2">bnb</subfield>
  </datafield>
  <datafield tag="016" ind1=" " ind2=" ">
    <subfield code="z">20049018485</subfield>
  </datafield>
  <datafield tag="016" ind1="7" ind2=" ">
    <subfield code="z">012986720</subfield>
    <subfield code="2">Uk</subfield>
  </datafield>
  <datafield tag="020" ind1=" " ind2=" ">
    <subfield code="z">0773527265 (bd.)</subfield>
  </datafield>
  <datafield tag="020" ind1=" " ind2=" ">
    <subfield code="z">0773527273 (pbk.)</subfield>
  </datafield>
  <datafield tag="040" ind1=" " ind2=" ">
    <subfield code="a">CaPaEBR</subfield>
    <subfield code="c">CaPaEBR</subfield>
  </datafield>
  <datafield tag="035" ind1=" " ind2=" ">
    <subfield code="a">(OCoLC)180773047</subfield>
  </datafield>
  <datafield tag="050" ind1="1" ind2="4">
    <subfield code="a">HD5706</subfield>
    <subfield code="b">.C47 2004eb</subfield>
  </datafield>
  <datafield tag="082" ind1="0" ind2="4">
    <subfield code="a">331.12</subfield>
    <subfield code="2">22</subfield>
  </datafield>
  <datafield tag="245" ind1="0" ind2="0">
    <subfield code="a">Challenging the market</subfield>
    <subfield code="h">[electronic resource] :</subfield>
    <subfield code="b">the struggle to regulate work and income /</subfield>
    <subfield code="c">edited by Jim Stanford and Leah F. Vosko.</subfield>
  </datafield>
  <datafield tag="260" ind1=" " ind2=" ">
    <subfield code="a">Montr&#xFFFD;eal :</subfield>
    <subfield code="b">McGill-Queen's University Press,</subfield>
    <subfield code="c">c2004.</subfield>
  </datafield>
  <datafield tag="300" ind1=" " ind2=" ">
    <subfield code="a">ix, 387 p. :</subfield>
    <subfield code="b">ill.</subfield>
  </datafield>
  <datafield tag="500" ind1=" " ind2=" ">
    <subfield code="a">Papers prepared by members of an International Working Group on Labour Market Regulation and Deregulation and presented at the Challenging the Market Conference, Toronto, in June 2001--P. [vii].</subfield>
  </datafield>
  <datafield tag="504" ind1=" " ind2=" ">
    <subfield code="a">Includes bibliographical references.</subfield>
  </datafield>
  <datafield tag="505" ind1="0" ind2="0">
    <subfield code="t">Challenging the market: the struggle to regulate work and income /</subfield>
    <subfield code="r">Jim Stanford,</subfield>
    <subfield code="r">Leah F. Vosko --</subfield>
    <subfield code="g">PART ONE: THE CHANGING ECONOMICS OF LABOUR MARKET REGULATIONS --</subfield>
    <subfield code="t">The NAIRU, labour market "flexibility," and full employment /</subfield>
    <subfield code="r">Malcolm Sawyer --</subfield>
    <subfield code="t">The causes of high unemployment: labour market sclerosis versus macroeconomic policy /</subfield>
    <subfield code="r">Thomas I. Palley --</subfield>
    <subfield code="t">Institutions and policies for labour market success in four small European countries /</subfield>
    <subfield code="r">Peter Auer --</subfield>
    <subfield code="g">PART TWO: DEVELOPMENTS IN LABOUR MARKET STRUCTURE --</subfield>
    <subfield code="t">Challenging segmentation in South Africa's labour market: "regulated flexibility" or flexible regulation? /</subfield>
    <subfield code="r">Marlea Clarke --</subfield>
    <subfield code="t">The Russian reforms and their impact on labour: a transition to what? /</subfield>
    <subfield code="r">Manfred Bienfeld ... [et al.] --</subfield>
    <subfield code="t">Deregulating industrial relations in the apparel sector: the decree system in Quebec /</subfield>
    <subfield code="r">Michel Grant --</subfield>
    <subfield code="t">European labour market regulation: the case of European councils /</subfield>
    <subfield code="r">Michael John Whittall --</subfield>
    <subfield code="g">PART THREE: THE DIFFERENTIAL EFFECTS OF LABOUR MARKET DEREGULATION --</subfield>
    <subfield code="t">Racializing the division of lbaour: neoliberal restructuring and the economic segregation of Canada's racialized groups /</subfield>
    <subfield code="r">Grace-Edward Galabuzi --</subfield>
    <subfield code="t">Towards perfect flexibility: youth as an industrial reserve army for the new economy /</subfield>
    <subfield code="r">Stephen McBride --</subfield>
    <subfield code="t">The crisis in rural labour markets: failures and challenges for regulation /</subfield>
    <subfield code="r">Martha MacDonald --</subfield>
    <subfield code="t">Technology, gender, and regulation: call centres in New Brunswick /</subfield>
    <subfield code="r">Tom Good,</subfield>
    <subfield code="r">Joan McFarland --</subfield>
    <subfield code="t">Neoliberalism, social democracy, and the struggle to improve labour standards for part-time workers in Saskatchewan /</subfield>
    <subfield code="r">Dave Broad ... [et al.] --</subfield>
    <subfield code="g">PART FOUR: ALTERNATIVE VISIONS --</subfield>
    <subfield code="t">Labour market deregulation and the U.S. living-wage movement /</subfield>
    <subfield code="r">Stephanie Luce --</subfield>
    <subfield code="t">Gendered resistance: organizing justice for janitors in Los Angeles /</subfield>
    <subfield code="r">Cynthia J. Cranford --</subfield>
    <subfield code="t">Labour's current organizational sturggles in Argentina: towards a new beginning? /</subfield>
    <subfield code="r">Viviana Patroni --</subfield>
    <subfield code="t">Critical times for French employment regulation: the 35-hour week and the challenge to social partnership /</subfield>
    <subfield code="r">Steve Jefferys --</subfield>
    <subfield code="t">How credible are international corporate labour codes? Monitoring global production chains /</subfield>
    <subfield code="r">Don Wells.</subfield>
  </datafield>
  <datafield tag="533" ind1=" " ind2=" ">
    <subfield code="a">Electronic reproduction.</subfield>
    <subfield code="b">Palo Alto, Calif. :</subfield>
    <subfield code="c">ebrary,</subfield>
    <subfield code="d">2013.</subfield>
    <subfield code="n">Available via World Wide Web.</subfield>
    <subfield code="n">Access may be limited to ebrary affiliated libraries.</subfield>
  </datafield>
  <datafield tag="650" ind1=" " ind2="0">
    <subfield code="a">Labor market.</subfield>
  </datafield>
  <datafield tag="650" ind1=" " ind2="0">
    <subfield code="a">Labor policy.</subfield>
  </datafield>
  <datafield tag="650" ind1=" " ind2="0">
    <subfield code="a">Labor costs.</subfield>
  </datafield>
  <datafield tag="650" ind1=" " ind2="6">
    <subfield code="a">March&#xFFFD;e du travail.</subfield>
  </datafield>
  <datafield tag="650" ind1=" " ind2="6">
    <subfield code="a">Travail</subfield>
    <subfield code="x">Politique gouvernementale.</subfield>
  </datafield>
  <datafield tag="650" ind1=" " ind2="6">
    <subfield code="a">Main-d'oeuvre</subfield>
    <subfield code="x">Co&#xFFFD;ut.</subfield>
  </datafield>
  <datafield tag="655" ind1=" " ind2="7">
    <subfield code="a">Electronic books.</subfield>
    <subfield code="2">local</subfield>
  </datafield>
  <datafield tag="700" ind1="1" ind2=" ">
    <subfield code="a">Stanford, Jim.</subfield>
  </datafield>
  <datafield tag="700" ind1="1" ind2=" ">
    <subfield code="a">Vosko, Leah F.</subfield>
  </datafield>
  <datafield tag="710" ind1="2" ind2=" ">
    <subfield code="a">International Working Group on Labour Market Regulation and Deregulation.</subfield>
  </datafield>
  <datafield tag="710" ind1="2" ind2=" ">
    <subfield code="a">ebrary, Inc.</subfield>
  </datafield>
  <datafield tag="711" ind1="2" ind2=" ">
    <subfield code="a">Challenging the Market Conference</subfield>
    <subfield code="d">(2001 :</subfield>
    <subfield code="c">Toronto, Ont.)</subfield>
  </datafield>
  <datafield tag="856" ind1="4" ind2="0">
    <subfield code="u">http://site.ebrary.com/lib/rucke/Doc?id=10132838</subfield>
    <subfield code="z">An electronic book accessible through the World Wide Web; click to view</subfield>
  </datafield>
  <datafield tag="999" ind1=" " ind2=" ">
    <subfield code="c">79096</subfield>
    <subfield code="d">79096</subfield>
  </datafield>
</record>
